000 01132cam a22002892 4500
001 0000021440
005 20151217145937.0
008 120515s xx 000 0 eng d
020 _a0421690301 :
040 _aKABU
_cKABU
100 1 _aDe Smith, Stanley A.
_@0000182295
245 1 0 _aDe Smith's judicial review /
_cLord Woolf, Jeffrey Jowell, Andrew Le Sueur.
250 _a6th ed.
260 _aLondon :
_bSweet & Maxwell,
_c2007.
300 _accxxxvi, 1098 p. +
_e1st supplement to the 6th ed.
650 0 _aJudicial review of administrative acts
_zGreat Britain.
_@0000167934
700 1 _aWoolf, Lord.
_@0000182296
700 1 _aJowell, Jeffrey.
_@0000182297
852 1 _955711 KES
852 1 _955711 KES
908 _a120515
950 _@1
999 _c4319
_d4319